ბათუმის შოთა რუსთაველის სახელმწიფო უნივერსიტეტის ბიბლიოთეკა

სუბტროპიკული კულტურების წარმოების ტექნო-ქიმიური კონტროლის პრაქტიკუმი (ბიბ.ჩანაწერი № 50785)

000 -LEADER
fixed length control field 01370nam a2200241Ia 4500
001 - CONTROL NUMBER
control field 17737
003 - CONTROL NUMBER IDENTIFIER
control field GE_BSU
008 - FIXED-LENGTH DATA ELEMENTS--GENERAL INFORMATION
fixed length control field 181216s||||||||xx |||||||||||||| ||und||
020 ## - INTERNATIONAL STANDARD BOOK NUMBER
International Standard Book Number 9789941432880
040 ## - CATALOGING SOURCE
Transcribing agency GE_BSU
080 ## - UNIVERSAL DECIMAL CLASSIFICATION NUMBER
Universal Decimal Classification number 663.851(076):633/635
100 ## - MAIN ENTRY--PERSONAL NAME
Personal name ფრუიძე, მ., ბენდელიანი, ე.
245 ## - TITLE STATEMENT
Title სუბტროპიკული კულტურების წარმოების ტექნო-ქიმიური კონტროლის პრაქტიკუმი
245 ## - TITLE STATEMENT
Remainder of title სახელმძღვანელო უმაღლესი სკოლის სუბტროპიკული კულტურების გადამუშავების ტექნოლოგიის სპეციალობის სტუდენტებისათვის
245 ## - TITLE STATEMENT
Statement of responsibility, etc. რედ.: ვარლამ აპლაკოვი.
260 ## - PUBLICATION, DISTRIBUTION, ETC.
Place of publication, distribution, etc. ქუთაისი
260 ## - PUBLICATION, DISTRIBUTION, ETC.
Name of publisher, distributor, etc. აკაკი წერეთლის სახ. უნ-ტი
260 ## - PUBLICATION, DISTRIBUTION, ETC.
Date of publication, distribution, etc. 2012
300 ## - PHYSICAL DESCRIPTION
Extent 185 გვ.20სმ.
300 ## - PHYSICAL DESCRIPTION
Accompanying material ბიბლ.გვ.179
653 ## - INDEX TERM--UNCONTROLLED
Uncontrolled term სუბტროპიკული კულტურების წარმოების ტექნო-ქიმიური კონტროლის პრაქტიკუმი
942 ## - ADDED ENTRY ELEMENTS (KOHA)
Koha item type წიგნი
ეგზემპლარები
Withdrawn status Lost status Damaged status Not for loan Date acquired Barcode Date last seen Price effective from Koha item type
        2018-12-17 41593 2018-12-17 2018-12-17 წიგნი